Uplatnenie štatistickej regulácie meraním v SONY Slovakia, s.r.o., Trnava : Diplomová práca

Enregistré dans:
Détails bibliographiques
Auteur principal: Blaho, Peter (Auteur)
Autres auteurs: Kučerová, Marta, 1957- (xxx)
Format: Manuscrit Livre
Langue:slovaque
Publié: Trnava : STU v Bratislave MtF KMK, 2001
Sujets:
Tags: Ajouter un tag
Pas de tags, Soyez le premier à ajouter un tag!

MARC

LEADER 00000ntm a22000003a 4500
001 stu85083
005 20160719154802.7
008 040323s2001----xo------------------slo-d
040 |a STU  |b slo 
041 0 |a slo 
044 |a xo 
100 1 |a Blaho, Peter  |4 aut 
245 1 |a Uplatnenie štatistickej regulácie meraním v SONY Slovakia, s.r.o., Trnava :  |b Diplomová práca 
260 |a Trnava :  |b STU v Bratislave MtF KMK,  |c 2001 
300 |a 68 s  |c príl 
650 7 |a inžinierstvo kvality produkcie  |2 stusub 
700 1 |a Kučerová, Marta,  |d 1957-  |4 xxx  |u M4000  |U MTF Materiálovotechnologická fakulta  |T MTF Ústav priemyselného inžinierstva a manažmentu  |X 1489  |U M4000  |Y 84  |7 A000001489